000 00474nam a22001817a 4500
003 NUST - PNEC
005 20170116181146.0
008 151013b xxu||||| |||| 00| 0 eng d
020 _a-
040 _cLIBRARY
082 _a920.72 NAJ
100 _915051
_aNajmi, Safdar Ali
245 _aMadr e millat, Muhtarma Fatima Jinnah : shahsiat aor afkar
_cSafdar Ali Najmi
250 _a-
260 _c2003
650 _91756
_aUrdu Literature
_xGeneral
942 _2ddc
_cBK
999 _c70738
_d70738